O livro de Cesário Verde (Registo nº 1495)

Detalhes MARC
000 -Etiqueta do registo
Cabeçalho 00727nam0a2200253 4500
005 - Identificador da versão
Campo de controlo 20240813121838.0
010 ## - Número internacional normalizado dos livros (ISBN)
Número (ISBN) 9789720049780
021 ## - Número do Depósito Legal
Código do país PT
Número 311902/10
100 ## - Dados gerais de processamento
Dados gerais de processamento 20150129d2010 d y0pory5003 ba
102 ## - Pais de publicação ou produção
País de publicação Portugal
101 0# - Língua de publicação
Língua do texto, banda sonora, etc. Português
215 ## - Descrição física 
Indicação específica da natureza do documento e extensão da espécie 95 p
200 1# - Titulo e menção de responsabilidade
Título próprio O livro de Cesário Verde
Outras menções de responsabilidade introd. e notas de Ana Maria Amaro
210 ## - Publicação, Distribuição, etc. 
Lugar da edição, distribuição, etc. Porto
Nome do editor, distribuidor, etc. Porto ed.
Data da publicação, distribuição, etc. 2014
300 ## - Notas gerais 
Texto da nota Metas Curriculares
606 ## - Nome comum usado como assunto
Número de registo de entrada de autoridade 0002007
Palavra de ordem Literatura portuguesa
Subdivisão de assunto Poesia
Código do sistema CA
675 ## - Classificação Decimal Universal (CDU)
Notação 821.134.3-1
Edição 3ª ed.
Língua da edição por
702 #1 - Nome de autor-pessoa física (responsabilidade secundária)
Número de registo de entrada de autoridade 0002016
Palavra de ordem Amaro
Outra parte do nome não tomada para palavra de ordem Ana Maria
Código de função Autor da introdução / Prefaciador
-- Anotador
700 #1 - Nome de autor-pessoa física (responsabilidade principal)
Número de registo de entrada de autoridade 0002015
Palavra de ordem Verde
Outra parte do nome não tomada para palavra de ordem Cesário
Datas 1855-1886
966 ## - Identificação da Biblioteca
Sigla EB2,3ENM
942 ## - Elementos de entrada adicionados (Koha)
Tipo de item no Koha Livro
Exemplares
Situação do levantamento Origin of item (home branch) (coded) Biblioteca de empréstimo Código de barras Cota Circulation type (not for loan) Tipo de documento Nota do exemplar Damaged status
  Biblioteca Escolar Eng. Nuno Mergulhão Biblioteca Escolar Eng. Nuno Mergulhão BENM3593 82LP-1 VER MET   Livro Sem mensagem  
  Biblioteca Escolar Eng. Nuno Mergulhão Biblioteca Escolar Eng. Nuno Mergulhão BENM3594 82LP-1 VER MET   Livro Sem mensagem  
  Biblioteca Escolar Eng. Nuno Mergulhão Biblioteca Escolar Eng. Nuno Mergulhão BENM3595 82LP-1 VER MET   Livro Sem mensagem